[Event "GBR-ch"]
[Site "Scarborough"]
[Date "2001.07.30"]
[Round "1"]
[White "McDonnell, James J"]
[Black "Broomfield, Matthew"]
[Result "0-1"]
[WhiteElo "2047"]
[BlackElo "2271"]
[PlyCount "94"]
[EventDate "2001.07.30"]

1. e4 c5 2. Nf3 d6 3. d4 cxd4 4. Nxd4 Nf6 5. Nc3 a6 6. Be3 e6 7. Be2 Be7 8. O-O
O-O 9. f4 Nc6 10. Kh1 Qc7 11. Qe1 Bd7 12. Qg3 Kh8 13. Rae1 b5 14. a3 b4 15.
axb4 Nxb4 16. e5 Nfd5 17. Nxd5 Nxd5 18. Bg1 dxe5 19. fxe5 Rab8 20. Rb1 Bc5 21.
c3 a5 22. Rfe1 Ne7 23. Bd3 Bxd4 24. Bxd4 f5 25. exf6 Qxg3 26. hxg3 gxf6 27. Bc5
Rfe8 28. Bd6 Rbc8 29. Ba6 Rc6 30. Bxe7 Rxe7 31. Bb5 Rb6 32. Bxd7 Rxd7 33. Re2
e5 34. Kg1 Rd3 35. Kf2 Rxc3 36. bxc3 Rxb1 37. Ra2 Rb5 38. Ke3 Rc5 39. Kd3 Kg7
40. g4 Kg6 41. Ra4 Kg5 42. g3 h5 43. gxh5 Kxh5 44. g4+ Kh4 45. Kd2 Kg3 46. Kd3
Kf3 47. Kc2 e4 0-1

[Event "GBR-ch"]
[Site "Scarborough"]
[Date "2001.07.30"]
[Round "1"]
[White "Kennedy, John"]
[Black "Berry, Neil M"]
[Result "1/2-1/2"]
[WhiteElo "2042"]
[BlackElo "2256"]
[PlyCount "85"]
[EventDate "2001.07.30"]

1. Nf3 Nf6 2. g3 g6 3. Bg2 Bg7 4. O-O O-O 5. d3 c5 6. e4 Nc6 7. c3 d6 8. Re1 e5
9. a3 b5 10. b4 Rb8 11. Ra2 Be6 12. Rae2 a5 13. d4 Bc4 14. d5 Bxe2 15. Rxe2 Na7
16. bxc5 Ne8 17. Be3 Nc8 18. a4 bxa4 19. Ra2 dxc5 20. Bxc5 Ned6 21. Rxa4 Qc7
22. Ba3 Rd8 23. Nfd2 Nb5 24. c4 Nxa3 25. Nxa3 Bf8 26. Nb5 Qb6 27. Nb3 Nd6 28.
Nxd6 Bxd6 29. Nc1 Rdc8 30. Bf1 Bc5 31. Nd3 Bd4 32. Kg2 Kg7 33. c5 Rxc5 34. Nxc5
Qxc5 35. Rc4 Qa7 36. Qf3 Rb6 37. Qd3 Rb2 38. Rc2 Rxc2 39. Qxc2 a4 40. Bc4 a3
41. Ba2 Qc5 42. Qb3 Qc3 43. Qxc3 1/2-1/2

[Event "GBR-ch"]
[Site "Scarborough"]
[Date "2001.07.31"]
[Round "2"]
[White "Arkell, Keith C"]
[Black "Hodgson, Julian M"]
[Result "1/2-1/2"]
[WhiteElo "2431"]
[BlackElo "2581"]
[PlyCount "31"]
[EventDate "2001.07.30"]

1. d4 d5 2. c4 c6 3. Nf3 Nf6 4. Nc3 dxc4 5. a4 Bg4 6. Ne5 Nbd7 7. Nxg4 Nxg4 8.
e3 Ngf6 9. Bxc4 e6 10. O-O Bb4 11. Qb3 Qb6 12. Bd2 Qa5 13. Rfd1 O-O 14. Be1
Rad8 15. Ne4 Bxe1 16. Nxf6+ 1/2-1/2

[Event "GBR-ch"]
[Site "Scarborough"]
[Date "2001.07.31"]
[Round "2"]
[White "Miles, Tony"]
[Black "Ledger, Andrew"]
[Result "1-0"]
[WhiteElo "2565"]
[BlackElo "2418"]
[PlyCount "67"]
[EventDate "2001.07.30"]

1. Nf3 Nf6 2. c4 c6 3. d4 d5 4. Nc3 Qb6 5. Qc2 Bg4 6. c5 Qc7 7. Ne5 Nbd7 8. h3
Be6 9. Bf4 Nxe5 10. Bxe5 Qc8 11. Bxf6 gxf6 12. e3 Bf5 13. Bd3 Bxd3 14. Qxd3 f5
15. b4 Rg8 16. O-O Qe6 17. f4 Rg3 18. Kf2 Rg8 19. Kg1 Rg3 20. Rf3 Rxf3 21. gxf3
Qg6+ 22. Kh2 Qh5 23. b5 Rc8 24. Qe2 f6 25. Rb1 Kf7 26. bxc6 bxc6 27. Rb7 Bh6
28. Qf2 a5 29. Na4 Rg8 30. Rc7 Rg6 31. Nc3 Kf8 32. Rxc6 e5 33. Nxd5 e4 34. Qb2
1-0

[Event "GBR-ch"]
[Site "Scarborough"]
[Date "2001.07.31"]
[Round "2"]
[White "Ansell, Simon"]
[Black "Hebden, Mark"]
[Result "1/2-1/2"]
[WhiteElo "2376"]
[BlackElo "2550"]
[PlyCount "82"]
[EventDate "2001.07.30"]

1. e4 e5 2. Nf3 Nc6 3. Bb5 a6 4. Ba4 Nf6 5. O-O Be7 6. Re1 b5 7. Bb3 O-O 8. a4
Bb7 9. d3 d6 10. c3 Qd7 11. Nbd2 Rfe8 12. Nf1 h6 13. Ng3 Bf8 14. Nh4 Na5 15.
Bc2 b4 16. Nhf5 d5 17. cxb4 Nc6 18. Qf3 Nxb4 19. Bb3 Re6 20. Bd2 dxe4 21. Bxe6
Qxe6 22. Nxe4 Nxe4 23. dxe4 Nc2 24. Qd3 Nxa1 25. Rxa1 Rb8 26. Bc3 g6 27. Ne3
Bg7 28. Re1 Qc6 29. Nd5 Kh7 30. a5 Rd8 31. Qg3 Qd6 32. Nb4 f6 33. f3 Bf8 34. h3
Qd7 35. Qf2 Qb5 36. Qe2 Qxa5 37. Kh2 Bxb4 38. Qc4 Bd5 39. Qxb4 Qxb4 40. Bxb4
Bf7 41. Be7 Re8 1/2-1/2

[Event "GBR-ch"]
[Site "Scarborough"]
[Date "2001.07.31"]
[Round "2"]
[White "Knott, Simon JB"]
[Black "Emms, John M"]
[Result "1/2-1/2"]
[WhiteElo "2373"]
[BlackElo "2532"]
[PlyCount "48"]
[EventDate "2001.07.30"]

1. c4 c5 2. g3 g6 3. Bg2 Bg7 4. Nc3 Nc6 5. d3 Nf6 6. e4 O-O 7. Nge2 d6 8. O-O
Bg4 9. f3 Bd7 10. Be3 a6 11. d4 cxd4 12. Nxd4 b5 13. c5 dxc5 14. Nxc6 Bxc6 15.
Qxd8 Rfxd8 16. Bxc5 Kf8 17. f4 Rac8 18. Rad1 Rxd1 19. Rxd1 Ke8 20. Bb4 Nd7 21.
e5 Bxg2 22. Kxg2 f6 23. exf6 Bxf6 24. Rd3 Nc5 1/2-1/2

[Event "GBR-ch"]
[Site "Scarborough"]
[Date "2001.07.31"]
[Round "2"]
[White "Williams, Simon K"]
[Black "Gallagher, Joseph G"]
[Result "1/2-1/2"]
[WhiteElo "2369"]
[BlackElo "2516"]
[PlyCount "70"]
[EventDate "2001.07.30"]

1. c4 g6 2. Nc3 Bg7 3. d4 Nf6 4. e4 d6 5. Nge2 a6 6. g3 O-O 7. Bg2 Nbd7 8. O-O
e5 9. b3 exd4 10. Nxd4 Re8 11. h3 Rb8 12. Be3 c5 13. Nde2 b5 14. Qxd6 b4 15.
Na4 Nxe4 16. Bxe4 Rxe4 17. Rad1 Qe8 18. Nxc5 Rxe3 19. Nxd7 Rxe2 20. Nxb8 Bxh3
21. Nd7 Bxf1 22. Nf6+ Bxf6 23. Qxf6 Re1 24. Rd8 Bxc4+ 25. Kh2 Bd5 26. Rxe8+
Rxe8 27. Qd6 Bf3 28. Qxb4 Re2 29. Qc5 h5 30. g4 hxg4 31. Kg3 Rxa2 32. Kf4 Re2
33. Kg5 Re6 34. Kh6 g5+ 35. Kxg5 Kg7 1/2-1/2

[Event "GBR-ch"]
[Site "Scarborough"]
[Date "2001.07.31"]
[Round "2"]
[White "Eames, Robert"]
[Black "Turner, Matthew J"]
[Result "1/2-1/2"]
[WhiteElo "2333"]
[BlackElo "2511"]
[PlyCount "38"]
[EventDate "2001.07.30"]

1. e4 c5 2. Nf3 g6 3. c4 Bg7 4. d4 cxd4 5. Nxd4 Nc6 6. Be3 Nf6 7. Nc3 O-O 8.
Be2 b6 9. O-O Bb7 10. f4 d6 11. Bf3 e5 12. Nxc6 Bxc6 13. fxe5 dxe5 14. Qxd8
Raxd8 15. Nd5 Nxd5 16. cxd5 Bb5 17. Rfc1 f5 18. Rc7 Rd7 19. Rxd7 Bxd7 1/2-1/2

[Event "GBR-ch"]
[Site "Scarborough"]
[Date "2001.07.31"]
[Round "2"]
[White "Ledger, Dave J"]
[Black "Wells, Peter"]
[Result "0-1"]
[WhiteElo "2312"]
[BlackElo "2510"]
[PlyCount "66"]
[EventDate "2001.07.30"]

1. e4 c5 2. Nc3 Nc6 3. g3 g6 4. d3 Bg7 5. Be3 d6 6. Qd2 e5 7. Bg2 Nge7 8. f4
Nd4 9. Nf3 O-O 10. O-O exf4 11. Bxf4 Nxf3+ 12. Rxf3 Qb6 13. Rb1 Be6 14. Bh6
Rae8 15. Bxg7 Kxg7 16. Rf4 f6 17. h4 h6 18. Kh2 Qd8 19. Bh3 Bxh3 20. Kxh3 d5
21. Qg2 Qd7+ 22. Kh2 d4 23. Nd1 f5 24. b4 cxb4 25. exf5 Rxf5 26. Rxf5 Nxf5 27.
Rxb4 b6 28. Rc4 Re1 29. Qf3 b5 30. Rc5 Nxh4 31. Qf4 Rh1+ 32. Kxh1 Qh3+ 33. Kg1
Qg2# 0-1

[Event "GBR-ch"]
[Site "Scarborough"]
[Date "2001.07.31"]
[Round "2"]
[White "Ward, Chris G"]
[Black "Singh, Gurpreet"]
[Result "1-0"]
[WhiteElo "2493"]
[BlackElo "2302"]
[PlyCount "85"]
[EventDate "2001.07.30"]

1. d4 Nf6 2. c4 g6 3. Nc3 Bg7 4. e4 d6 5. f3 O-O 6. Nge2 c5 7. d5 e6 8. Ng3
exd5 9. cxd5 a6 10. Bf4 b5 11. Qd2 Qb6 12. a4 b4 13. Nd1 Nbd7 14. Ne3 Ne5 15.
Bxe5 dxe5 16. Nc4 Qb8 17. h4 h5 18. Bd3 Kh7 19. Nf1 Nd7 20. g4 Nf6 21. Qg5 Rh8
22. Ng3 Kg8 23. gxh5 Nxh5 24. Nxh5 Rxh5 25. Qd8+ Bf8 26. Nb6 Bb7 27. Qxb8 Rxb8
28. Nd7 Rc8 29. Nf6+ Kh8 30. Nxh5 gxh5 31. b3 Bh6 32. Ke2 Rd8 33. Rag1 Bc8 34.
Rg2 Bb7 35. Bc4 Kh7 36. Rhg1 Bc8 37. d6 Bh3 38. Rg3 Be6 39. Bxe6 fxe6 40. Rd1
Rd7 41. Rgg1 Bf4 42. Rd3 Bh6 43. Rg2 1-0

[Event "GBR-ch"]
[Site "Scarborough"]
[Date "2001.07.31"]
[Round "2"]
[White "Hanley, Craig"]
[Black "Gormally, Daniel"]
[Result "1-0"]
[WhiteElo "2278"]
[BlackElo "2481"]
[PlyCount "87"]
[EventDate "2001.07.30"]

1. c4 Nf6 2. g3 e6 3. Nf3 d5 4. b3 Be7 5. Bg2 O-O 6. O-O c5 7. Bb2 Nc6 8. e3 b6
9. Nc3 Bb7 10. cxd5 exd5 11. d4 Re8 12. Ne5 cxd4 13. Nxc6 Bxc6 14. Qxd4 Bd6 15.
Rfd1 Be5 16. Qd2 Qe7 17. Rac1 Rad8 18. Ne2 Ne4 19. Bxe4 dxe4 20. Qc2 Bxb2 21.
Qxb2 Bd7 22. Rd4 Bg4 23. Rxd8 Rxd8 24. Nd4 Rd5 25. Rc4 h5 26. Qc2 Rc5 27. Nc6
Qd6 28. Rxc5 bxc5 29. Qxe4 Qd1+ 30. Kg2 Be6 31. Ne7+ Kf8 32. Ng6+ Kg8 33. Ne7+
Kf8 34. Ng6+ Kg8 35. Nf4 Bd7 36. Qa8+ Kh7 37. Qd5 Qxd5+ 38. Nxd5 Bc6 39. e4 f5
40. Kf3 g5 41. Ke3 Kg7 42. f4 g4 43. Nc3 Kf6 44. e5+ 1-0

[Event "GBR-ch"]
[Site "Scarborough"]
[Date "2001.07.31"]
[Round "2"]
[White "Shaw, John K"]
[Black "Buckley, Simon"]
[Result "1-0"]
[WhiteElo "2478"]
[BlackElo "2268"]
[PlyCount "49"]
[EventDate "2001.07.30"]

1. e4 e6 2. d4 c5 3. d5 Nf6 4. Nc3 exd5 5. e5 Ng8 6. Qxd5 Ne7 7. Qxc5 Nf5 8.
Qd5 Be7 9. Bd3 Nh4 10. Bf4 Nc6 11. O-O-O Bg5 12. Nh3 Bxf4+ 13. Nxf4 O-O 14. g3
Ng6 15. Nxg6 hxg6 16. f4 d6 17. exd6 Be6 18. Qc5 Rc8 19. Rhe1 b6 20. Qg5 Qxd6
21. Ba6 Qc7 22. Bxc8 Rxc8 23. Rxe6 fxe6 24. Qxg6 Qe7 25. Ne4 1-0

[Event "GBR-ch"]
[Site "Scarborough"]
[Date "2001.07.31"]
[Round "2"]
[White "Broomfield, Matthew"]
[Black "Pert, Nicholas"]
[Result "1/2-1/2"]
[WhiteElo "2271"]
[BlackElo "2475"]
[PlyCount "123"]
[EventDate "2001.07.30"]

1. d4 d5 2. Nf3 c6 3. e3 Nf6 4. c4 Bg4 5. cxd5 Bxf3 6. gxf3 cxd5 7. Qb3 Qd7 8.
Bd2 e6 9. Bb4 Bxb4+ 10. Qxb4 Nc6 11. Qa3 Rc8 12. Nd2 Qe7 13. Qxe7+ Kxe7 14. Bd3
Nd7 15. f4 Nb6 16. Ke2 Nb4 17. a3 Nxd3 18. Kxd3 Na4 19. Rab1 Rc6 20. b3 Nc3 21.
Rbc1 Rhc8 22. Nb1 Ne4 23. Rxc6 Rxc6 24. Rf1 Rb6 25. Kc2 Rc6+ 26. Kd3 Rb6 27.
Kc2 Nd6 28. Nc3 Nb5 29. Nb1 Kd7 30. a4 Nc7 31. Nc3 Na6 32. Rb1 Nb4+ 33. Kd2 Rc6
34. f3 Rc8 35. Rc1 Nc6 36. Ne2 Ne7 37. Rxc8 Nxc8 38. Nc1 f6 39. Nd3 b6 40. Ke2
Ne7 41. Kd2 Nf5 42. Ke2 Kd6 43. Kd2 h6 44. Ke2 Ne7 45. Kd2 Nc6 46. Ke2 Ke7 47.
Kf2 a6 48. Kg3 Na5 49. Nb4 Nxb3 50. Nxa6 Kd6 51. Nb4 Nd2 52. Kf2 Nc4 53. Na2
Kc6 54. Nc3 Nd6 55. Ke2 g6 56. Kd3 Nc4 57. e4 f5 58. e5 Nb2+ 59. Kc2 Nc4 60.
Kd3 Nb2+ 61. Kc2 Nc4 62. Kd3 1/2-1/2

[Event "GBR-ch"]
[Site "Scarborough"]
[Date "2001.07.31"]
[Round "2"]
[White "Kelly, Brian"]
[Black "Ghasi, Ameet K"]
[Result "1/2-1/2"]
[WhiteElo "2458"]
[BlackElo "2188"]
[PlyCount "157"]
[EventDate "2001.07.30"]

1. d4 Nf6 2. c4 g6 3. Nc3 Bg7 4. e4 d6 5. Nf3 O-O 6. Be2 Bg4 7. Be3 Nfd7 8. Rc1
a6 9. Ng1 Bxe2 10. Ngxe2 c5 11. O-O Nc6 12. b3 Rb8 13. d5 Na7 14. f4 b5 15. Qd3
bxc4 16. bxc4 Qa5 17. Bd2 Qa3 18. Rc2 Nc8 19. Bc1 Qa5 20. Nd1 Qc7 21. Qa3 Rb4
22. Bd2 Rb1 23. Nec3 Rb4 24. Ne3 Ncb6 25. Ne2 a5 26. Kh1 Ra8 27. Qd3 Na4 28.
Nc3 Nb2 29. Qe2 Qb7 30. Bc1 Na4 31. Nxa4 Rxa4 32. Qd3 Rb4 33. Nd1 Qa6 34. Bd2
Rb1 35. Nc3 Rxf1+ 36. Qxf1 a4 37. Nb5 Rb8 38. h3 Nb6 39. Na3 Nc8 40. Qd3 Na7
41. Bc3 Bxc3 42. Qxc3 Qb6 43. e5 Qc7 44. Re2 Qd8 45. Kh2 Rb7 46. Nc2 Qb6 47.
Ne3 Qb4 48. Qc2 Qb1 49. exd6 Qxc2 50. Nxc2 exd6 51. Re8+ Kg7 52. Ra8 Kf6 53.
Kg3 h5 54. Kf3 Ke7 55. Ne3 Rc7 56. g4 hxg4+ 57. hxg4 Nc8 58. Rxa4 Nb6 59. Ra3
Nd7 60. Ke4 Rb7 61. Rb3 Rxb3 62. axb3 Nf6+ 63. Kf3 Nd7 64. Nd1 Nb6 65. Nc3 Nd7
66. Ne4 Nb8 67. Ke3 Nd7 68. Kd3 f5 69. gxf5 gxf5 70. Ng3 Kf6 71. Kc3 Nf8 72. b4
cxb4+ 73. Kxb4 Ng6 74. Kb5 Nxf4 75. Kc6 Ke5 76. Nxf5 Kxf5 77. Kxd6 Ke4 78. Kc6
Kd4 79. d6 1/2-1/2

[Event "GBR-ch"]
[Site "Scarborough"]
[Date "2001.07.31"]
[Round "2"]
[White "Walker, Martin G"]
[Black "Lane, Gary"]
[Result "1-0"]
[WhiteElo "2109"]
[BlackElo "2456"]
[PlyCount "71"]
[EventDate "2001.07.30"]

1. e4 e5 2. Nf3 Nc6 3. Bb5 a6 4. Ba4 Nf6 5. O-O b5 6. Bb3 Bc5 7. Nxe5 Nxe5 8.
d4 Bxd4 9. Qxd4 d6 10. c3 O-O 11. f3 c5 12. Qf2 Nd3 13. Qe3 Nxc1 14. Rxc1 Qe7
15. Re1 Re8 16. Nd2 Nh5 17. Rad1 Qf6 18. e5 Rxe5 19. Ne4 Qe7 20. f4 Nxf4 21.
Qxf4 c4 22. Rxd6 Bb7 23. Rd7 Qxd7 24. Qxe5 cxb3 25. Nc5 Qc6 26. Nxb7 bxa2 27.
Na5 Qd7 28. b4 h6 29. Qe2 Rc8 30. Qxa2 Rxc3 31. h3 Rd3 32. Qf2 Rd2 33. Qc5 Qd3
34. Nc6 Rb2 35. Ne7+ Kh7 36. Qc8 1-0

[Event "GBR-ch"]
[Site "Scarborough"]
[Date "2001.07.31"]
[Round "2"]
[White "Chandler, Murray"]
[Black "Addison, Bret C"]
[Result "1-0"]
[WhiteElo "2540"]
[BlackElo "2218"]
[PlyCount "89"]
[EventDate "2001.07.30"]

1. e4 e5 2. Nf3 Nc6 3. Bb5 a6 4. Ba4 Nf6 5. O-O Be7 6. Re1 b5 7. Bb3 O-O 8. a4
Bb7 9. d3 d6 10. Nbd2 Na5 11. Ba2 c5 12. Nf1 b4 13. N3d2 Bc8 14. Ne3 Rb8 15.
Ndc4 Nc6 16. c3 Be6 17. Nf5 Bxf5 18. exf5 Qc7 19. f4 Rfe8 20. Bd2 Bf8 21. fxe5
dxe5 22. Rc1 e4 23. Bg5 exd3 24. Qxd3 Qd7 25. Qxd7 Nxd7 26. Bf4 Rxe1+ 27. Rxe1
Rc8 28. Kf2 bxc3 29. bxc3 Nf6 30. Kf3 Rd8 31. Bb1 Nd5 32. Be4 Nxf4 33. Kxf4 Ne7
34. Rb1 Nd5+ 35. Bxd5 Rxd5 36. Ke4 Rd8 37. Rb6 g6 38. f6 Re8+ 39. Kd5 Re2 40.
Rxa6 Rxg2 41. Ra8 Rxh2 42. Ne5 Rd2+ 43. Kc6 Rd6+ 44. Kc7 Rxf6 45. Rxf8+ 1-0

[Event "GBR-ch"]
[Site "Scarborough"]
[Date "2001.07.31"]
[Round "2"]
[White "Rowson, Jonathan"]
[Black "Jackson, Adrian"]
[Result "1-0"]
[WhiteElo "2514"]
[BlackElo "2230"]
[PlyCount "53"]
[EventDate "2001.07.30"]

1. e4 c5 2. Nf3 d6 3. Bb5+ Nd7 4. d4 Ngf6 5. Nc3 cxd4 6. Qxd4 e5 7. Qd3 h6 8.
Be3 Be7 9. O-O O-O 10. Bc4 a6 11. a4 Qc7 12. Nh4 Kh7 13. Nf5 Nc5 14. Bxc5 dxc5
15. Ne3 Be6 16. Ncd5 Bxd5 17. Bxd5 Nxd5 18. Nxd5 Qd6 19. Qb3 Bg5 20. Rad1 Qg6
21. Nc3 f5 22. Qc4 fxe4 23. Nxe4 Rf4 24. f3 Rh4 25. g3 Be3+ 26. Kg2 Rh5 27. Rd6
1-0

[Event "GBR-ch"]
[Site "Scarborough"]
[Date "2001.07.31"]
[Round "2"]
[White "Buckley, David E"]
[Black "Zhao, Zong-Yuan"]
[Result "0-1"]
[WhiteElo "2172"]
[BlackElo "2359"]
[PlyCount "64"]
[EventDate "2001.07.30"]

1. e4 e6 2. d4 d5 3. Nc3 Nf6 4. Bg5 Bb4 5. exd5 Qxd5 6. Bxf6 gxf6 7. Qd2 Qa5 8.
Bd3 Bd7 9. Nge2 Bc6 10. Qf4 Nd7 11. Be4 Bxe4 12. Qxe4 O-O-O 13. O-O-O f5 14.
Qf3 Nb6 15. Kb1 Rd6 16. Rd3 Nc4 17. Ka1 Rhd8 18. g4 fxg4 19. Qxf7 Ra6 20. Nc1
Nxb2 21. Kxb2 Qa3+ 22. Kb1 Bxc3 23. Rxc3 Qxc3 24. Nb3 Qf3 25. Qxf3 gxf3 26. Rg1
Rad6 27. Rg7 R6d7 28. Rg3 Rf7 29. c3 b6 30. Kc2 e5 31. dxe5 Re8 32. Nd4 Rxe5
0-1

[Event "GBR-ch"]
[Site "Scarborough"]
[Date "2001.07.31"]
[Round "2"]
[White "Waddington, Michael"]
[Black "Kennedy, John"]
[Result "1-0"]
[WhiteElo "2353"]
[BlackElo "2042"]
[PlyCount "55"]
[EventDate "2001.07.30"]

1. Nc3 c5 2. e4 d6 3. f4 Nc6 4. Nf3 e6 5. Bb5 Nge7 6. O-O a6 7. Be2 b5 8. d4
cxd4 9. Nxd4 b4 10. Na4 Bd7 11. Nf3 Na7 12. b3 Bxa4 13. bxa4 Qa5 14. Bc4 d5 15.
Bb3 Rd8 16. Qe1 dxe4 17. Ng5 Nd5 18. Qxe4 Bc5+ 19. Kh1 Nc3 20. Qf3 h6 21. Nxf7
Kxf7 22. f5 Rhf8 23. Bxe6+ Kf6 24. Qh5 Bd4 25. Qh4+ g5 26. Qxh6+ Ke5 27. Qg7+
Rf6 28. Bxg5 1-0

[Event "GBR-ch"]
[Site "Scarborough"]
[Date "2001.07.31"]
[Round "2"]
[White "Berry, Neil M"]
[Black "Waters, Clive L"]
[Result "1-0"]
[WhiteElo "2256"]
[BlackElo "2147"]
[PlyCount "111"]
[EventDate "2001.07.30"]

1. d4 Nf6 2. c4 e6 3. Nc3 Bb4 4. Qc2 c5 5. dxc5 Bxc5 6. Nf3 Be7 7. e4 d6 8. Be2
a6 9. O-O Qc7 10. Rd1 O-O 11. Nd4 b6 12. Be3 Nbd7 13. f3 Bb7 14. Rac1 Rac8 15.
Bf1 Qb8 16. Qf2 Bd8 17. g4 Ne5 18. g5 Nfd7 19. b3 Re8 20. Bh3 Nc5 21. Qe2 Bc7
22. b4 Ncd7 23. f4 Ng6 24. Nd5 Bd8 25. Qf2 Nc5 26. bxc5 dxc5 27. f5 cxd4 28.
fxg6 hxg6 29. Rxd4 exd5 30. Bxc8 Bxc8 31. cxd5 Bc7 32. Rdc4 Be5 33. Rc6 b5 34.
Rf1 f6 35. gxf6 gxf6 36. Bf4 Bh3 37. Bxe5 Qxe5 38. Qxf6 Bxf1 39. Qxg6+ Qg7 40.
Kxf1 Qxg6 41. Rxg6+ Kf7 42. Rg4 Rc8 43. Rf4+ Ke8 44. h4 Rc2 45. Rf2 Rc3 46. h5
Rh3 47. Kg2 Rxh5 48. Kf3 b4 49. Ke3 a5 50. Kd4 a4 51. Kc4 Rh4 52. Re2 b3 53.
axb3 a3 54. Kb4 a2 55. Rxa2 Rxe4+ 56. Kc5 1-0

[Event "GBR-ch"]
[Site "Scarborough"]
[Date "2001.07.31"]
[Round "2"]
[White "Hunt, Adam"]
[Black "Collins, Sam"]
[Result "1/2-1/2"]
[WhiteElo "2408"]
[BlackElo "2194"]
[PlyCount "48"]
[EventDate "2001.07.30"]

1. e4 c5 2. Nf3 e6 3. d4 cxd4 4. Nxd4 Nf6 5. Nc3 d6 6. Be2 Nc6 7. Be3 Be7 8.
O-O O-O 9. f4 e5 10. Nb3 exf4 11. Rxf4 Be6 12. Nd5 Bxd5 13. exd5 Ne5 14. c4
Nfd7 15. Bf2 Bg5 16. Rd4 Rc8 17. Nd2 f5 18. Nf1 Nc5 19. Ng3 a5 20. b3 g6 21. a3
a4 22. bxa4 h5 23. Rb1 Ra8 24. Rb4 Qe8 1/2-1/2

[Event "GBR-ch"]
[Site "Scarborough"]
[Date "2001.07.31"]
[Round "2"]
[White "Tan, Desmond"]
[Black "Rudd, Jack"]
[Result "1/2-1/2"]
[WhiteElo "2253"]
[BlackElo "2193"]
[PlyCount "53"]
[EventDate "2001.07.30"]

1. e4 e5 2. Nf3 Nc6 3. Bb5 Bc5 4. O-O Nf6 5. c3 Nxe4 6. d4 Be7 7. Qe2 Nd6 8.
Bxc6 bxc6 9. dxe5 Nb7 10. Nd4 O-O 11. c4 Qe8 12. Nc3 Bc5 13. Nc2 d6 14. exd6
Qxe2 15. Nxe2 cxd6 16. Be3 Bf5 17. Ned4 Bxc2 18. Nxc2 Bxe3 19. Nxe3 g6 20. Rfd1
Kg7 21. b4 Rfe8 22. Kf1 f5 23. g3 Re5 24. a4 Rf8 25. b5 Rc5 26. Rab1 Rf7 27. f4
1/2-1/2

[Event "GBR-ch"]
[Site "Scarborough"]
[Date "2001.07.31"]
[Round "2"]
[White "Conlon, Joe"]
[Black "Trent, Lawrence"]
[Result "1-0"]
[WhiteElo "2191"]
[BlackElo "2249"]
[PlyCount "65"]
[EventDate "2001.07.30"]

1. e4 e5 2. Nf3 Nc6 3. Bb5 g6 4. Nc3 Bg7 5. d3 Nge7 6. h4 Nd4 7. h5 c6 8. Ba4
d6 9. Bg5 h6 10. Bxe7 Qxe7 11. hxg6 fxg6 12. Nxd4 exd4 13. Ne2 Qg5 14. Qd2
Qxd2+ 15. Kxd2 O-O 16. Bb3+ Kh7 17. Raf1 Bd7 18. f4 Rae8 19. g3 Be6 20. Bxe6
Rxe6 21. g4 Kg8 22. f5 Ree8 23. Nf4 gxf5 24. gxf5 Rf7 25. Rfg1 Kh7 26. Ne6 Rfe7
27. Rg6 Rxe6 28. Rxe6 Rxe6 29. fxe6 Bf6 30. Rg1 h5 31. Ke2 h4 32. Kf3 h3 33.
Rg4 1-0

[Event "GBR-ch"]
[Site "Scarborough"]
[Date "2001.07.31"]
[Round "2"]
[White "Willmoth, Robert"]
[Black "Snape, Ian L"]
[Result "0-1"]
[WhiteElo "2239"]
[BlackElo "2160"]
[PlyCount "96"]
[EventDate "2001.07.30"]

1. e4 c5 2. Nf3 d6 3. d4 cxd4 4. Nxd4 Nf6 5. Nc3 g6 6. Be2 Bg7 7. O-O O-O 8.
Kh1 Nc6 9. Nb3 Be6 10. Bg5 Na5 11. Nxa5 Qxa5 12. f4 Rac8 13. Bd3 Rfe8 14. Qe2
Qb4 15. a3 Qxb2 16. Nb5 Nxe4 17. Qxe4 Bf5 18. Qe2 Bxd3 19. Qxd3 a6 20. Rab1
Qxc2 21. Qxc2 Rxc2 22. Na7 Bb2 23. f5 b5 24. Nc6 Rxc6 25. Rxb2 gxf5 26. Rxf5
Rc3 27. Rf3 Rec8 28. Rbf2 f6 29. Bd2 Rc2 30. g3 R8c4 31. Bb4 Rc1+ 32. Rf1 Kf7
33. Kg2 Rxf1 34. Kxf1 d5 35. Rc3 d4 36. Rxc4 bxc4 37. Ke2 f5 38. h3 h5 39. Kf3
e5 40. g4 hxg4+ 41. hxg4 fxg4+ 42. Kxg4 Ke6 43. a4 Kd5 44. Kf3 e4+ 45. Ke2 c3
46. Be7 Kc4 47. a5 Kb3 48. Kd1 Kb2 0-1

[Event "GBR-ch"]
[Site "Scarborough"]
[Date "2001.07.31"]
[Round "2"]
[White "Lyell, Mark"]
[Black "Frost, Nicholas"]
[Result "0-1"]
[WhiteElo "2219"]
[BlackElo "2141"]
[PlyCount "117"]
[EventDate "2001.07.30"]

1. e4 e6 2. d4 d5 3. e5 c5 4. c3 Nc6 5. Nf3 Qb6 6. a3 a5 7. Bd3 cxd4 8. cxd4
Bd7 9. O-O Nxd4 10. Nxd4 Qxd4 11. Nc3 Qb6 12. Qg4 f5 13. Qh5+ g6 14. Qe2 Bg7
15. Rd1 Ne7 16. Be3 Qd8 17. Bc5 O-O 18. b4 Re8 19. b5 Nc8 20. Rac1 Bh6 21. Rc2
b6 22. Be3 Bf8 23. g4 f4 24. Bxf4 Bxa3 25. Ne4 Be7 26. Nf6+ Bxf6 27. exf6 Qxf6
28. Be5 Qe7 29. Qe3 Qh4 30. Be2 Re7 31. Rd4 h6 32. Rf4 Rf7 33. Rc7 Ra7 34. Rxf7
Kxf7 35. Qf4+ Ke7 36. Bg7 e5 37. Qxe5+ Kf7 38. Bf3 Qe7 39. Bxd5+ Ke8 40. Rxc8+
Bxc8 41. Qc3 Rc7 42. Bc6+ Bd7 43. Bxh6 Bxc6 44. bxc6 Qd6 45. Qh8+ Kf7 46. Qg7+
Ke6 47. Qg8+ Ke5 48. Bg7+ Ke4 49. Qc4+ Kf3 50. Qf1 Rxg7 51. Qg2+ Ke2 52. Qe4+
Kd2 53. Qe3+ Kc2 54. Qxb6 Qd1+ 55. Kg2 Qxg4+ 56. Kf1 Qd1+ 57. Kg2 Qd5+ 58. Kf1
Qh1+ 59. Ke2 0-1

[Event "GBR-ch"]
[Site "Scarborough"]
[Date "2001.07.31"]
[Round "2"]
[White "Simons, Martin J"]
[Black "Buckley, Melanie"]
[Result "1/2-1/2"]
[WhiteElo "2215"]
[BlackElo "2118"]
[PlyCount "41"]
[EventDate "2001.07.30"]

1. g3 d5 2. Bg2 Nf6 3. d3 g6 4. Nd2 Bg7 5. Ngf3 Nc6 6. c4 O-O 7. O-O dxc4 8.
Nxc4 Nd4 9. Nxd4 Qxd4 10. Rb1 c6 11. b4 Be6 12. Qc2 Qd7 13. Rd1 Rac8 14. Bb2
Rfd8 15. Be5 Ne8 16. Bxg7 Kxg7 17. d4 f6 18. a3 Nd6 19. Nxd6 Qxd6 20. Qc5 b6
21. Qxd6 1/2-1/2

[Event "GBR-ch"]
[Site "Scarborough"]
[Date "2001.07.31"]
[Round "2"]
[White "Rutherford, Elaine"]
[Black "Burnett, Jim"]
[Result "0-1"]
[WhiteElo "2117"]
[BlackElo "2209"]
[PlyCount "126"]
[EventDate "2001.07.30"]

1. e4 d5 2. exd5 Qxd5 3. Nc3 Qa5 4. d4 Nf6 5. Bc4 c6 6. Nge2 Bf5 7. Bd2 e6 8.
Ng3 Bg6 9. h4 h6 10. Nd5 Qd8 11. Nf4 Bh7 12. c3 Nd5 13. Qe2 Be7 14. Ngh5 O-O
15. Nxg7 Kxg7 16. Bxd5 exd5 17. Qe5+ f6 18. Ne6+ Kh8 19. Qg3 Rg8 20. Nxd8 Rxg3
21. fxg3 Bxd8 22. Bxh6 Be4 23. O-O Nd7 24. Rae1 Kh7 25. Bc1 Be7 26. Rf4 Rg8 27.
Rfxe4 dxe4 28. Rxe4 Bd8 29. Kf2 f5 30. Re6 Nf6 31. Kf3 Nd5 32. c4 Nc7 33. Rh6+
Kg7 34. Rd6 Kf7 35. Bf4 Ne6 36. Be5 Be7 37. Rd7 Rd8 38. Rxb7 Nxd4+ 39. Kf2 Ke6
40. Bf4 Rd7 41. Rxd7 Kxd7 42. Be3 Bf6 43. b3 Ke6 44. h5 a6 45. Bh6 Ke5 46. Bd2
Ke4 47. Ba5 Bg5 48. Bc7 Ne6 49. Bd6 Ng7 50. a4 Nxh5 51. b4 Be3+ 52. Ke2 Nf6 53.
b5 Ne8 54. Bb8 cxb5 55. cxb5 a5 56. Be5 Bb6 57. Bc3 Nc7 58. Be1 Ne6 59. Bf2 Nc5
60. Bxc5 Bxc5 61. Kd2 Bf2 62. Kc3 Bxg3 63. Kc4 Bf2 0-1

[Event "GBR-ch"]
[Site "Scarborough"]
[Date "2001.07.31"]
[Round "2"]
[White "Lappage, Jonathan"]
[Black "Blackburn, Jonathan LB"]
[Result "0-1"]
[WhiteElo "2208"]
[BlackElo "2115"]
[PlyCount "82"]
[EventDate "2001.07.30"]

1. e4 e6 2. Nc3 d5 3. d4 Bb4 4. e5 c5 5. Bd2 Ne7 6. f4 Nbc6 7. dxc5 Bxc5 8. Nf3
a6 9. a3 Bd7 10. Bd3 Ng6 11. Qe2 Nh4 12. Nxh4 Qxh4+ 13. g3 Qe7 14. h4 Nd4 15.
Qg4 h5 16. Qh3 Nf3+ 17. Ke2 Nd4+ 18. Kd1 O-O-O 19. Re1 f6 20. Qg2 f5 21. b4 Ba7
22. Be3 Kb8 23. Qf2 Nc6 24. Bxa7+ Nxa7 25. Qb6 Bc6 26. Ne2 Nc8 27. Qe3 Na7 28.
Nd4 Rc8 29. Qe2 g6 30. Kd2 Rc7 31. Reb1 Bb5 32. Nxb5 Nxb5 33. Bxb5 axb5 34. Ra2
Rc4 35. Rb3 Rhc8 36. c3 Qc7 37. Qd3 Qb6 38. Qe3 d4 39. cxd4 Rxd4+ 40. Rd3 Rxd3+
41. Kxd3 Rc3+ 0-1